| 000 | 00621cam a2200181 i 4500 | ||
|---|---|---|---|
| 005 | 20251203110557.0 | ||
| 008 | 250721s1983 jo gr 000 0 ara d | ||
| 082 | 1 | 4 |
_a214.2 _bع ب د |
| 100 | 1 |
_aالطيبي، عكاشه عبد المنان. _eمعد. |
|
| 245 | 1 | 0 |
_aأهوال القيامة / _cاعداد عكاشه عبدالمنان الطيبي. |
| 250 | _aالطبعه. | ||
| 264 | 3 | 1 |
_aبيروت : _bدار الكتب العلمية، _c1983. |
| 300 | _a156 صفحه. | ||
| 650 | 1 | 7 | _aأصول الدين الإسلامي. |
| 650 | 1 | 7 | _aاليوم الآخر. |
| 942 |
_2ddc _cBK |
||
| 999 |
_c587 _d587 |
||